00766nam a2200181 i 450000100060000000300090000600500170001500700030003200800410003510000630007624502550013925000120039426000660040630000220047265000360049470000330053085200210056361622ES-MaACL20250826051259.0t|031113s1933 sp ||||1| spa d1 aFábregas del Pilar y Díaz de Cevallos, José María.10aContabilidad del Estado / cpor José María Fábregas del Pilar Díaz de Ceballos y Alfonso Urzáy Miguélez, obra ajustada al programa de 30 de diciembre de 1932 para las oposiciones a ingreso en el Cuerpo Pericial de Contabilidad del Estado. a1ª ed. aMadrid : b[s.n.], c1933 (fTall. Tip. de la Editorial Reus) a299 p. ; c23 cm. 7aHacienda pública-zEspaña21 aUrzáy Miguélez, Alfonso. aES-MaACLjA-5114